[Event "TUR-ch (Women)"]
[Site "Corum"]
[Date "2021.06.19"]
[Round "7"]
[White "Gunes, Deren"]
[Black "Karatiken, Beray"]
[Result "0-1"]
[WhiteElo "1477"]
[BlackElo "1205"]
[PlyCount "102"]
[EventDate "2021.06.13"]
[EventType "swiss"]
[EventRounds "7"]
[EventCountry "TUR"]
[SourceTitle "CBM 203 Extra"]
[Source "ChessBase"]
[SourceDate "2021.09.30"]
[SourceVersion "1"]
[SourceVersionDate "2021.09.30"]
[SourceQuality "1"]

1. e4 c5 2. d4 e6 3. Nf3 cxd4 4. c3 dxc3 5. Nxc3 Bc5 6. Bc4 Ne7 7. 0-0 0-0 8. Qe2 a6 9. e5 Nbc6 10. Ne4 Ba7 11. Nd6 Ng6 12. Bg5 Qc7 13. Rfd1 Bc5 14. Nxc8 Raxc8 15. Re1 Nd4 16. Nxd4 Bxd4 17. Rac1 Qb8 18. h4 b5 19. Bd3 Rxc1 20. Bxc1 Nxe5 21. Bxh7+ Kxh7 22. Qe4+ f5 23. Qxd4 Ng4 24. Bf4 e5 25. Bxe5 Re8 26. f3 Nxe5 27. Kf1 Nc4 28. Qxd7 Rxe1+ 29. Kxe1 Qe5+ 30. Kf2 Qc5+ 31. Kg3 Qd6+ 32. Qxd6 Nxd6 33. Kf4 Kg6 34. Ke5 Nc4+ 35. Kd5 Nxb2 36. Kc6 Na4 37. Kb7 Nc3 38. Kxa6 b4 39. Ka5 Nxa2 40. Ka4 Kh5 41. g3 Nc3+ 42. Kxb4 Ne2 43. Kc4 Nxg3 44. Kd4 Kxh4 45. Ke3 g5 46. Kf2 Kh3 47. Kg1 Ne2+ 48. Kf2 Nd4 49. Ke3 Nxf3 50. Kxf3 g4+ 51. Kf2 Kh2 0-1

[Event "TUR-ch (Women)"]
[Site "Corum"]
[Date "2021.06.18"]
[Round "6"]
[White "Gunes, Deren"]
[Black "Koc, Azra Ece"]
[Result "0-1"]
[WhiteElo "1477"]
[BlackElo "1734"]
[PlyCount "96"]
[EventDate "2021.06.13"]
[EventType "swiss"]
[EventRounds "7"]
[EventCountry "TUR"]
[SourceTitle "CBM 203 Extra"]
[Source "ChessBase"]
[SourceDate "2021.09.30"]
[SourceVersion "1"]
[SourceVersionDate "2021.09.30"]
[SourceQuality "1"]

1. e4 e5 2. Nf3 Nc6 3. Bb5 Nf6 4. 0-0 Nxe4 5. d4 Nd6 6. Bxc6 dxc6 7. dxe5 Nf5 8. Qxd8+ Kxd8 9. Nc3 Ke8 10. Bf4 Be6 11. Rad1 Be7 12. Rd2 Bb4 13. Rfd1 Bxc3 14. bxc3 h6 15. a3 g5 16. Bg3 Ke7 17. Nd4 Nxd4 18. cxd4 b5 19. h4 Bd5 20. f4 gxf4 21. Bxf4 Rag8 22. Kh2 Kd7 23. Rf2 Rb8 24. Bd2 Rb6 25. Rf6 h5 26. Rh6 Rxh6 27. Bxh6 b4 28. axb4 Rxb4 29. Kg3 Rc4 30. Rc1 Rxd4 31. Bf4 a5 32. c3 Rc4 33. Rc2 a4 34. Bc1 Rg4+ 35. Kh3 Be6 36. g3 Re4+ 37. Kh2 Rxe5 38. Rd2+ Rd5 39. Rxd5+ cxd5 40. Kg2 Kd6 41. Kf3 Kc5 42. Ke3 Kc4 43. Kd2 Kb3 44. Kd3 a3 45. Bxa3 Kxa3 46. Kd4 Kb3 47. Kd3 c5 48. Kd2 Bf5 0-1

[Event "TUR-ch (Women)"]
[Site "Corum"]
[Date "2021.06.16"]
[Round "4"]
[White "Tirpan, Ceren"]
[Black "Gunes, Deren"]
[Result "1-0"]
[WhiteElo "1379"]
[BlackElo "1477"]
[PlyCount "111"]
[EventDate "2021.06.13"]
[EventType "swiss"]
[EventRounds "7"]
[EventCountry "TUR"]
[SourceTitle "CBM 203 Extra"]
[Source "ChessBase"]
[SourceDate "2021.09.30"]
[SourceVersion "1"]
[SourceVersionDate "2021.09.30"]
[SourceQuality "1"]

1. e4 c5 2. Nf3 d6 3. d4 cxd4 4. Nxd4 Nf6 5. Nc3 a6 6. a4 e5 7. Nf3 Be7 8. h3 h6 9. Bd3 Be6 10. 0-0 0-0 11. Qe2 Nbd7 12. Rd1 Qc7 13. Be3 Nc5 14. a5 Nfd7 15. Na4 Nxa4 16. Rxa4 Nc5 17. Raa1 Rfd8 18. b4 Nd7 19. c4 Rac8 20. Rdc1 Rf8 21. Nd2 f5 22. exf5 Bxf5 23. Bxf5 Rxf5 24. Qg4 Rf7 25. Bxh6 Nf6 26. Qg6 d5 27. Nf3 Ne8 28. cxd5 Qd6 29. Qxd6 Rxc1+ 30. Rxc1 Bxd6 31. Bd2 Nc7 32. Ng5 Rd7 33. Rc4 Be7 34. Nf3 Bf6 35. Re4 Rxd5 36. Bc3 Rb5 37. Bxe5 Nd5 38. Bd6 Kf7 39. Bc5 Nc3 40. Rc4 Na4 41. Nd4 Bxd4 42. Bxd4 Ke6 43. Bxg7 Kd5 44. Rd4+ Ke6 45. f4 Nc3 46. Kf2 Nd5 47. Bf8 Kf5 48. g4+ Kf6 49. Bc5 Nc7 50. f5 Ne8 51. Kf3 Ng7 52. Kf4 Ne8 53. g5+ Kf7 54. Rd7+ Kg8 55. f6 Rxc5 56. bxc5 1-0

[Event "TUR-ch (Women)"]
[Site "Corum"]
[Date "2021.06.15"]
[Round "3"]
[White "Gunes, Deren"]
[Black "Ercan, Hilal"]
[Result "0-1"]
[WhiteElo "1477"]
[BlackElo "1099"]
[PlyCount "83"]
[EventDate "2021.06.13"]
[EventType "swiss"]
[EventRounds "7"]
[EventCountry "TUR"]
[SourceTitle "CBM 203 Extra"]
[Source "ChessBase"]
[SourceDate "2021.09.30"]
[SourceVersion "1"]
[SourceVersionDate "2021.09.30"]
[SourceQuality "1"]

1. e4 e5 2. Nf3 Nc6 3. Bb5 a6 4. Ba4 d6 5. 0-0 Bd7 6. c3 g6 7. d4 Bg7 8. Bg5 Nge7 9. Qd2 0-0 10. h3 exd4 11. Nxd4 Nxd4 12. Bxd7 Nf3+ 13. gxf3 Qxd7 14. Kh2 Nc6 15. f4 h6 16. Bh4 Qe6 17. Qd3 Rae8 18. Nd2 f5 19. Rae1 fxe4 20. Qxe4 Qf7 21. Qf3 Rxe1 22. Rxe1 Qxa2 23. Qg4 Qd5 24. Ne4 Qf7 25. Bg3 Ne7 26. Qd1 Nd5 27. Qb3 b6 28. Qc4 a5 29. Rg1 Kh7 30. Re1 Nxf4 31. Qxf7 Rxf7 32. Bxf4 Rxf4 33. Kg2 Rf5 34. Ng3 Re5 35. Rd1 Rb5 36. Rd2 Be5 37. Ne2 a4 38. f4 Bf6 39. Kf3 Kg7 40. Ke4 Kf7 41. Rd5 Rxb2 42. Rd1 0-1

[Event "TUR-chT 2nd League"]
[Site "Konya"]
[Date "2019.07.23"]
[Round "2.6"]
[White "Gunes, Deren"]
[Black "Kaya, Sila"]
[Result "1-0"]
[WhiteElo "1266"]
[BlackElo "1327"]
[PlyCount "65"]
[EventDate "2019.07.22"]
[EventType "team-swiss"]
[EventRounds "9"]
[EventCountry "TUR"]
[SourceTitle "CBM 191 Extra"]
[Source "ChessBase"]
[SourceDate "2019.09.30"]
[SourceVersion "1"]
[SourceVersionDate "2019.09.30"]
[SourceQuality "1"]
[WhiteTeam "Mugla Ortaca Belediye"]
[BlackTeam "Istanbul Sisli"]
[WhiteTeamCountry "TUR"]
[BlackTeamCountry "TUR"]

1. e4 c5 2. d4 cxd4 3. c3 d3 4. Bxd3 Nc6 5. Nf3 d6 6. h3 g6 7. Bc4 Bg7 8. 0-0 Nf6 9. Qe2 Nd7 10. Rd1 0-0 11. Bf4 Qc7 12. Na3 a6 13. Bb3 b5 14. Bd5 Bb7 15. Rac1 Nce5 16. Nc2 Nxf3+ 17. Qxf3 Ne5 18. Bxe5 Bxe5 19. Ne3 Rac8 20. Bxb7 Qxb7 21. Nd5 Rfd8 22. h4 a5 23. a3 Bg7 24. Kh1 Rc4 25. Re1 Rdc8 26. Kg1 Bh6 27. Rcd1 Bg7 28. e5 R4c6 29. exd6 Qd7 30. Nxe7+ Kf8 31. Nxc8 Rxc8 32. Re7 Qd8 33. Qxf7# 1-0

[Event "TUR-chT 2nd League"]
[Site "Konya"]
[Date "2017.07.17"]
[Round "1.5"]
[White "Kaya, Ilgin"]
[Black "Gunes, Deren"]
[Result "1-0"]
[WhiteElo "1366"]
[BlackElo "1254"]
[PlyCount "98"]
[EventDate "2017.07.17"]
[EventType "team-swiss"]
[EventRounds "9"]
[EventCountry "TUR"]
[SourceTitle "CBM 179 Extra"]
[Source "ChessBase"]
[SourceDate "2017.08.23"]
[SourceVersion "1"]
[SourceVersionDate "2017.08.23"]
[SourceQuality "1"]
[WhiteTeam "Corum Belediye"]
[BlackTeam "Mugla Ortaca Belediye"]
[WhiteTeamCountry "TUR"]
[BlackTeamCountry "TUR"]

1. d4 Nf6 2. Nf3 g6 3. c4 Bg7 4. Nc3 d5 5. e3 0-0 6. Bd3 b6 7. 0-0 Bb7 8. Nd2 c5 9. cxd5 Nxd5 10. Nxd5 Qxd5 11. Be4 Qd7 12. Bxb7 Qxb7 13. dxc5 bxc5 14. Qc2 Qc6 15. Rb1 Na6 16. b4 Rab8 17. Ba3 Rfc8 18. bxc5 Rxb1 19. Rxb1 Nxc5 20. Rc1 e6 21. Qxc5 Qxc5 22. Rxc5 Rd8 23. Rc2 Bc3 24. Nf1 Be5 25. g3 g5 26. Be7 Rb8 27. Bxg5 f6 28. Bf4 Bxf4 29. exf4 Rb7 30. Re2 Kf7 31. Kg2 Rb6 32. Ne3 Ra6 33. f5 e5 34. f4 Ra5 35. fxe5 Rxe5 36. Kf3 h5 37. h3 Kg7 38. Rc2 Ra5 39. g4 Kh6 40. Rc8 hxg4+ 41. hxg4 Rxa2 42. Nd5 Ra6 43. Kf4 Ra4+ 44. Kg3 Ra6 45. Kh4 Kg7 46. Rc7+ Kf8 47. Kh5 Rd6 48. Nf4 a5 49. Ra7 Ke8 1-0